La réponse est de plus en plus longue - Disney - Statistiques

Statistiques générales
  • Ce quiz a été pris 1 423 fois
    1 406 depuis la dernière actualisation
  • Le résultat moyen est 11 sur 20
Statistiques - réponses
Indice Lettres Réponse % Correct
Lettre qui compose le logo du film Les Indestructibles 1 i
99%
Prénom du créateur de Disney 4 Walt
88%
Nom anglais du film Là-haut 2 Up
87%
Frère de Riri et Fifi 6 Loulou
85%
Chanson phare d'Elsa qui a conquis le monde en 2013 15 "Libérée, Délivrée"
84%
Studio d'animation devenu une filiale de Disney après son rachat en 2006 5 Pixar
83%
Deux chiens mangent le même spaghetti et s'embrassent 19 La Belle et le Clochard
82%
Il y a Rolly, Lucky, Patch, et 98 autres _____ dans ce Disney de 1961 10 Dalmatiens
71%
Serpent hypnotiseur dans Le Livre de la jungle 3 Kaa
61%
"Hakuna Matata, mais quelle phrase magnifique,Hakuna Matata, ___ ____ ________ " 20 Quel chant fantastique !
57%
Chanson composée par Elton John qui ouvre Le Roi lion 16 "L'Histoire de la vie"
53%
Film basé sur un roman de Victor Hugo 18 Le Bossu de Notre-Dame
48%
Ville nouvelle de ce département où vous devez aller pour enter au parc 13 Marne-la-Vallée
47%
Département où se situe Disneyland Paris 12 Seine-et-Marne
42%
Musicien qui interprète la bande originale de Tarzan et Frère des ours 11 Phil Collins
39%
Ami humain de Winnie l'Ourson 14 Jean-Christophe
36%
Pays imaginaire de Peter Pan 9 Neverland
31%
Écurie automobile de Flash McQueen 7 Rust-eze
16%
Compositeur baroque allemand dont la musique est utilisée dans Fantasia 17 Jean-Sébastien Bach
14%
Sorcière prête à tout pour voler le sou fétiche de Picsou 8 Miss Tick
12%
Aucun quiz correspondant
Distribution des résultats
% des personnes avec chaque résultat
Percentile par nombre de réponses
Votre historique - résultats
Vous n’avez pas pris ce quiz depuis la dernière actualisation